000 00551nam a2200229Ia 4500
005 20260320201218.0
008 008 262003s9999 xx 000 0 eng d
037 _aEBOOK
040 _aCRL
040 _beng
040 _cCRL
041 _2eng
041 _aeng
084 _qCRL
245 0 _aChallenges of the Internet of Things: Technique, Use, Ethics
260 _bIEEE
260 _c2018
856 _uhttps://ieeexplore.ieee.org/servlet/opac?bknumber=9820818
942 _cEBOOK
999 _c1719709
_d1719709